[Event "Caplin British Online-ch Open 2020"]
[Site "Online"]
[Date "2020.12.30"]
[Round "7.11"]
[White "Gordon, Sean"]
[Black "Gurner, Jem"]
[Result "0-1"]
[WhiteElo "2039"]
[BlackElo "1800"]
[Annotator "TA"]
[PlyCount "82"]
[EventDate "2020.12.21"]
[EventType "swiss"]
[EventCountry "NET"]
[SourceTitle "playchess.com"]
[Source "ChessBase"]
[SourceQuality "1"]

{[%evp 9,82,18,38,29,32,26,55,52,56,55,93,95,107,88,118,27,31,-20,-37,-81,-55,40,-55,-55,-55,-58,-60,-62,-34,-34,-2,-6,6,0,0,0,0,-33,-33,-33,-34,-109,-111,-300,-306,-287,-282,-298,-118,-340,-347,-318,-216,-276,-256,-287,-271,-440,-437,-418,-329,-409,-406,-397,-383,-479,-467,-521,-474,-12839,-12839,-12840,-12840,-12843,-12843]} 1. d4 g6 2. e4 Bg7 3. c4 d6 4. Nc3 e5 5. Nf3 Nc6 {[%cal Rc6d4]} 6. dxe5 {A42: Modern Defence: Averbakh Variation.} Nxe5 {is the legacy move (6...dxe5).} 7. Be2 Ne7 8. Nxe5 {White is slightly better.} Bxe5 9. Bh6 {[#]} f5 $146 {[#]} ({Predecessor:} 9... Ng8 10. Be3 f5 11. exf5 Bxf5 12. Qb3 Nf6 13. Rd1 Qe7 14. Qxb7 O-O 15. Nd5 Nxd5 16. Qxd5+ {1-0 (78) Kotanjian,T (2568)-Chibukhchian,A (2444) Yerevan 2009}) 10. f4 $1 {[%cal Rf4e5]} Bf6 11. O-O Be6 12. Nd5 (12. Re1 $16) 12... Bxd5 $11 13. exd5 (13. cxd5 $14 Qd7 14. Qc2) 13... Ng8 14. Qa4+ Qd7 15. Qxd7+ Kxd7 16. Bg5 Bxb2 {And now ...Bd4+ would win.} 17. Rab1 Bd4+ 18. Kh1 Rb8 19. Bd1 Nf6 {Strongly threatening ...Ne4.} 20. Ba4+ c6 {[#]} 21. Rxb7+ $1 {[%mdl 64] Remove Defender} Rxb7 22. dxc6+ Kc7 23. cxb7 (23. Bxf6 {seems wilder.} Bxf6 24. cxb7 Rb8 25. Rb1 Bd4 26. g3) 23... Ne4 24. Bh4 Rb8 25. h3 {White is now going downhill.} (25. Rd1 Bf2 $17) ({White should play} 25. g4 $15) 25... Rxb7 $17 26. Be1 $2 (26. Bb3 $17 {keeps fighting.}) 26... Rb2 $19 27. Bb3 Kc6 28. Kh2 h6 $2 (28... Rb1 $19 {has better winning chances. White must now prevent ...Bc3.} 29. Ba4+ Kb7) 29. Bg3 $2 (29. Ba4+ $17 Kc5 30. Be8) 29... Nd2 30. Rd1 Be3 ({Don't play} 30... Nxb3 31. axb3 Kc5 32. Rd3 $19) 31. Ra1 g5 32. fxg5 hxg5 {aiming for ...f4.} 33. Kh1 $2 (33. Ba4+ Kc5 34. Be1) 33... Nxb3 34. axb3 Rxb3 {[%mdl 4096] Endgame KRB-KRB} 35. Ra6+ Rb6 36. Ra1 Rb4 37. h4 gxh4 {Black is clearly winning.} 38. Bxh4 Rxc4 {[%cal Rc4h4]} 39. g3 (39. Be1 $142) 39... Rc1+ 40. Rxc1+ Bxc1 41. Bf6 a5 {Weighted Error Value: White=0.56/Black=0.16} 0-1

[Event "Caplin British Online-ch Open 2020"]
[Site "Online"]
[Date "2020.12.30"]
[Round "7.12"]
[White "Shearsby, Jude"]
[Black "Stubbs, Oliver"]
[Result "0-1"]
[WhiteElo "1673"]
[BlackElo "1905"]
[Annotator "TA"]
[PlyCount "70"]
[EventDate "2020.12.21"]
[EventType "swiss"]
[EventCountry "NET"]
[SourceTitle "playchess.com"]
[Source "ChessBase"]
[SourceQuality "1"]

{[%evp 9,70,-11,5,-6,14,0,16,14,33,0,0,-8,0,0,0,-9,0,0,26,-31,111,0,125,-58,-55,-64,-84,-98,0,0,0,0,33,29,43,-339,-331,-603,-391,-359,-368,-634,-458,-29988,-29989,-29989,-29990,-29990,-29991,-29991,-29990,-29990,-775,-718,-690,-2222,-2145,-29983,-29982,-29985,-29986,-29986,-29987]} 1. d4 Nf6 2. Bf4 g6 3. Nc3 d5 4. e3 Bg7 5. h4 h5 6. Nf3 {A45: Trompowsky Attack.} O-O 7. Ne5 c5 8. Qd2 {The position is equal.} Nc6 9. O-O-O cxd4 10. exd4 Bf5 11. Nxc6 bxc6 12. f3 c5 13. Be5 {[#]} c4 $146 ({Predecessor:} 13... Rc8 14. Ba6 cxd4 15. Qxd4 Rc6 16. Bb7 Rc7 17. Ba6 e6 18. Kb1 Qe7 19. g4 hxg4 {½-½ (39) Johansen,J (2331)-Haugen,A (2437) ICCF email 2018}) 14. Be2 (14. Kb1 $11) 14... a5 (14... Qb6 $15 {stays ahead.}) 15. Rdg1 (15. g4 $1 $16 {[%cal Rg4f5]} Be6 16. Rdg1) 15... a4 (15... Qb6 $11 {remains equal.}) 16. Bxf6 $2 (16. g4 $16 Bd7 17. gxh5 Nxh5 18. f4 (18. Nxd5 a3 $14)) 16... Bxf6 $15 17. g4 hxg4 18. fxg4 {[#]} Be4 (18... Be6 $1 $17 {White must now prevent ...Qb6.} 19. h5 g5) 19. Nxe4 $11 dxe4 20. c3 a3 {Threatens to win with ...Rb8.} 21. Bxc4 {Strongly threatening b3.} axb2+ 22. Qxb2 $2 {[%mdl 8192] This costs White the game.} (22. Kb1 $1 $14 {was forced to keep a grip.}) 22... Qc7 $19 23. Bd5 (23. Bb3 Bxd4 {[%mdl 64] Double Attack} 24. Rf1) 23... Ra5 24. Bb3 Bxd4 $1 {[%mdl 64] Double Attack} 25. Rf1 $2 (25. h5 Bxg1 26. Rxg1) 25... Rc5 26. Qe2 (26. Kb1 $19 Rxc3 27. Rc1) 26... Rxc3+ 27. Kb1 {[#]} Rxb3+ $1 {[%mdl 576] Clearance} 28. axb3 Qc3 29. Rh3 Qxh3 30. Qc4 {[#]} Qc3 (30... Ra8 $142 $1 31. Qxd4 Qxf1+ 32. Kc2 Rc8+ 33. Qc4 Rxc4+ 34. bxc4 Qxc4+ 35. Kb2 e3 36. h5 e2 37. h6 e1=Q 38. h7+ Kxh7 39. g5 Qec1#) 31. Qxc3 Bxc3 32. Rf4 f5 33. h5 e5 {Black mates.} 34. Rf1 e3 35. Kc2 {[#]} e2 $1 {Weighted Error Value: White=1.16/Black=0.55} 0-1

[Event "Caplin British Online-ch Open 2020"]
[Site "Online"]
[Date "2020.12.30"]
[Round "7.13"]
[White "Arora, Tashika"]
[Black "Idle, Oscar"]
[Result "0-1"]
[WhiteElo "1744"]
[BlackElo "1722"]
[Annotator "NA RC"]
[PlyCount "86"]
[EventDate "2020.12.21"]
[EventType "swiss"]
[EventCountry "NET"]
[SourceTitle "playchess.com"]
[Source "ChessBase"]
[SourceQuality "1"]

1. d4 {[%emt 0:00:00]} d5 {[%emt 0:00:00]} 2. Nf3 {[%emt 0:00:00]} Nf6 {[%emt 0:00:00]} 3. c4 {[%emt 0:00:00]} c6 {[%emt 0:00:00]} 4. Nc3 {[%emt 0:00:00]} e6 {[%emt 0:00:00]} 5. cxd5 {[%emt 0:00:00]} exd5 {[%emt 0:00:00]} 6. g3 {[%emt 0:00:00]} Bd6 {[%emt 0:00:00]} 7. Bg2 {[%emt 0:00:00]} O-O {[%emt 0:00:00]} 8. O-O {[%emt 0:00:00]} Re8 {[%emt 0:00:00]} 9. Qc2 {[%emt 0:00:00]} Nbd7 {[%emt 0:00:00]} 10. Rd1 {[%emt 0:00:00]} Qe7 {[%emt 0:00:00]} 11. e3 {[%emt 0:00:00]} a5 {[%emt 0:00:00]} 12. Bd2 {[%emt 0:00:00]} Nb6 {[%emt 0:00:00]} 13. Re1 {[%emt 0:00:00]} Ne4 {[%emt 0:00:56]} 14. Bc1 {[%emt 0:00:00]} f5 {[%emt 0:02:42]} 15. Nd2 {[%emt 0:00:06]} Qg5 {[%emt 0:09:26]} 16. Qb3 {[%emt 0:01:31]} Bc7 {[%emt 0:03:59]} 17. Ndxe4 {[%emt 0:00:22]} fxe4 {[%emt 0:00:43]} 18. a4 {[%emt 0:03:26]} Kh8 {[%emt 0:00:57]} 19. Qc2 {[%emt 0:01:03]} Re6 {[%emt 0:02:59]} 20. h4 {[%emt 0:02:36]} Qe7 {[%emt 0:03:37]} 21. b3 {[%emt 0:01:03]} Rg6 {[%emt 0:03:02]} 22. Ba3 {[%emt 0:02:31]} Qf6 {[%emt 0:00:49]} 23. Rf1 {[%emt 0:02:41]} Bg4 {[%emt 0:01:33]} 24. Bc5 {[%emt 0:12:00]} Nd7 {[%emt 0:01:35]} 25. Ba3 {[%emt 0:00:45]} Rc8 {[%emt 0:00:21]} 26. Ne2 {[%emt 0:03:38]} Rh6 {[%emt 0:02:16]} 27. Rfc1 {[%emt 0:07:41]} g5 {[%emt 0:02:37]} 28. hxg5 {[%emt 0:00:34]} Qxg5 {[%emt 0:01:24]} 29. Kf1 {[%emt 0:00:17]} Bf3 {[%emt 0:03:07]} 30. Ng1 {[%emt 0:00:45]} Bxg2+ {[%emt 0:00:54]} 31. Kxg2 {[%emt 0:00:04]} Rg8 {[%emt 0:00:56]} 32. Kf1 {[%emt 0:04:12]} Bxg3 {[%emt 0:03:48]} 33. Ke1 {[%emt 0:02:50]} Qxe3+ {[%emt 0:02:30]} 34. Qe2 {[%emt 0:00:25]} Bxf2+ {[%emt 0:00:16]} 35. Kd1 {[%emt 0:00:24]} Rxg1+ {[%emt 0:00:05]} 36. Kc2 {[%emt 0:00:09]} Qxe2+ {[%emt 0:00:06]} 37. Kb1 {[%emt 0:00:29]} Rxc1+ {[%emt 0:00:36]} 38. Bxc1 {[%emt 0:00:10]} Rh3 {[%emt 0:00:13]} 39. Ra3 {[%emt 0:00:18]} Bxd4 {[%emt 0:00:15]} 40. Ra2 {[%emt 0:00:31]} Rxb3+ {[%emt 0:00:05]} 41. Rb2 {[%emt 0:00:14]} Rxb2+ {[%emt 0:00:02]} 42. Ka1 {[%emt 0:00:06]} Rb5+ {[%emt 0:00:10]} 43. Bb2 {[%emt 0:00:04]} Qxb2# {[%emt 0:00:01]} 0-1

[Event "Caplin British Online-ch Open 2020"]
[Site "Online"]
[Date "2020.12.30"]
[Round "7.14"]
[White "Shafi, Declan"]
[Black "Finn, Chris"]
[Result "1-0"]
[WhiteElo "2166"]
[BlackElo "1929"]
[Annotator "TA"]
[PlyCount "123"]
[EventDate "2020.12.21"]
[EventType "swiss"]
[EventCountry "NET"]
[SourceTitle "playchess.com"]
[Source "ChessBase"]
[SourceQuality "1"]

{[%evp 11,123,9,5,-5,0,0,0,0,55,59,41,12,43,50,58,45,97,47,59,43,55,39,51,29,45,29,102,98,110,81,110,0,0,0,0,0,0,0,0,0,0,0,0,0,0,0,0,0,0,0,0,0,0,0,0,0,0,-8,-8,-112,-129,-113,-104,-114,-118,-292,-242,-223,-44,-147,-27,-135,-17,-20,0,0,0,0,0,0,0,0,0,-34,0,-20,-8,-121,-133,-162,-136,-83,-5,-8,-8,-8,292,292,648,332,331,322,282,91,91,91,29966,116,277,131,1030,518,29984,457]} 1. d4 e6 2. Nf3 d5 3. e3 Nf6 4. Bd3 Be7 5. O-O O-O 6. Nbd2 b6 7. Ne5 {D05: Colle System with ...e6.} c5 8. b3 Qc7 9. Bb2 {[#] The position is equal.} Bd6 $146 (9... Bb7 $11) ({Predecessor:} 9... Nc6 10. Nxc6 Qxc6 11. Nf3 Bb7 12. Ne5 Qc7 13. dxc5 bxc5 14. Ng4 Nd7 15. f4 f5 {½-½ (52) Garbett,P (2197)-Wallis,C (2320) Auckland 2018}) 10. f4 $14 Bb7 11. c4 dxc4 12. Ndxc4 Be7 13. Rc1 Qd8 ({Black should try} 13... Nc6 $14) 14. Qe2 cxd4 15. Bxd4 Nbd7 16. f5 Nc5 17. Bb1 exf5 18. Rxf5 Ne6 (18... g6 $11 19. Rf2 Nfe4 20. Bxc5 Nxc5) 19. Bb2 $16 b5 {[#]} 20. Rd1 $1 Qc7 {[#]} 21. Nd2 (21. Rxf6 $1 $16 {[%mdl 512]} Bxf6 22. Rd7 $1 Bxe5 23. Rxc7 Bxc7 24. Qh5 $1) 21... a6 22. Rdf1 Rad8 23. Rxf6 Bxf6 24. Rxf6 {Hoping for Qh5!} Rxd2 $1 25. Qxd2 gxf6 26. Nd7 Rd8 27. Nxf6+ Kf8 $1 28. Nxh7+ Ke8 $1 29. Qe1 Qd6 {...Qd1 is the strong threat.} 30. Nf6+ Ke7 {And now ...Qd1 would win.} 31. Ne4 Bxe4 ({Don't blunder} 31... Qd1 $2 32. Ba3+ Nc5 33. Kf2 $18) 32. Bxe4 Qd1 $40 {[%cal Rd1e1][%mdl 128] White needs to defend precisely.} 33. Ba3+ Kf6 {[%cal Rd1e1]} 34. Kf1 Ng5 35. Bb7 (35. Qxd1 $1 $11 Rxd1+ 36. Ke2) 35... Qc2 $17 36. Qf2+ Qxf2+ 37. Kxf2 {[%mdl 4096] Endgame KRN-KB} Rd2+ 38. Kg3 $2 (38. Ke1 $17 Rxa2 39. Bd6) 38... Rxa2 39. Bb4 {h4 would now be nice for White.} Ne6 $2 (39... a5 $19 40. Bc3+ Kf5) 40. h4 ({Only move:} 40. Be4 $1 $15 Ng5 41. Bc3+ Ke6 42. Bb1) 40... Kg6 (40... a5 $1 $17 {[%cal Ra5b4]} 41. Bc3+ Kg6) 41. Kf3 (41. Be4+ $11 Kh6 42. Kf3) 41... Kh5 (41... a5 $1 $17 {[%cal Ra5b4]} 42. Bc3 b4) 42. Be1 Ra1 43. g4+ Kg6 44. Bc3 Rh1 45. Be4+ Kh6 46. Kg3 Rg1+ 47. Bg2 (47. Kh3 {is more complex.} Rc1 48. g5+ Kh5 49. Bf3+ Kg6 50. Be4+) 47... Rc1 48. Be5 (48. Bb2 {is interesting.} Rg1 49. Bc3) 48... Rc5 49. g5+ (49. Bf6 $1 $11 {remains equal.}) 49... Kh7 $1 50. Be4+ Kg8 51. Bf6 (51. Bb2 $142) 51... Ng7 ({Better is} 51... a5 $1 $17 52. Kf3 a4 53. bxa4 bxa4) 52. Kg4 a5 53. h5 {[#] Black must now prevent h6.} Nxh5 {[%mdl 8192]} 54. Kxh5 $18 a4 $2 (54... Rc7 55. Bd5 Kf8) 55. Bd4 Rc1 {intending ...a3.} 56. bxa4 bxa4 {[#]} 57. Kg4 $2 (57. Kh6 $1 $18 {White wants to mate with Bg7.} Kf8 58. Bb2) 57... a3 $16 {Black wants to play ...a2.} 58. Bd5 Rc8 $2 {[%mdl 8192]} (58... Kf8 $16) 59. Kf5 $2 (59. g6 $1 {mates} Kf8 60. gxf7 Rc7 61. Kg5 Rxf7 62. Bc5+ {[%mdl 64] Double Attack, Zwischenzug} Kg7 63. Bxf7 Kxf7 64. Bxa3) 59... Rd8 $2 {[#]} (59... Kf8 $16 {keeps fighting.} 60. Ke4 Rc1) 60. e4 (60. Ke5 $1 $18 {and the rest is easy.}) 60... Kf8 $2 {[%mdl 8192]} (60... Rd6 $16 61. Bc5 Ra6) 61. Bc5+ $18 {[%mdl 64] Double Attack} Ke8 (61... Kg7 $18 62. Bxa3 Rb8) 62. Bc6+ {Weighted Error Value: White=0.51/Black=0.58} 1-0

[Event "Caplin British Online-ch Open 2020"]
[Site "Online"]
[Date "2021.01.02"]
[Round "8.1"]
[White "Adams, Michael"]
[Black "Wadsworth, Matthew J"]
[Result "1/2-1/2"]
[WhiteElo "2716"]
[BlackElo "2416"]
[Annotator "TA"]
[PlyCount "165"]
[EventDate "2020.12.21"]
[EventType "swiss"]
[EventCountry "NET"]
[SourceTitle "playchess.com"]
[Source "ChessBase"]
[SourceQuality "1"]

{[%evp 9,164,18,18,10,16,0,75,73,58,59,62,66,84,53,35,36,43,13,29,-8,-18,-28,-25,-73,-76,-59,-64,-64,-81,-197,58,63,81,72,67,75,115,62,104,56,175,0,132,135,217,211,240,237,245,235,243,243,236,187,229,231,215,208,222,227,287,263,293,297,293,273,279,265,267,253,256,228,225,220,226,225,219,215,227,192,225,202,216,151,157,164,165,175,188,0,157,0,212,204,201,116,113,0,0,0,110,0,15,0,0,0,0,0,0,0,0,0,37,0,0,0,0,0,0,0,0,0,0,0,0,0,21,21,21,21,21,21,21,21,21,21,21,21,21,21,21,21,21,0,0,0,0,0,0,0,0,0,0,0,0,0,0]} 1. e4 c5 2. Nf3 e6 3. b3 d5 4. exd5 exd5 5. Bb5+ Nc6 6. O-O {B40: Sicilian: 2...e6, Unusual lines.} Bd6 7. Bb2 Nge7 (7... Nf6 $11) 8. Bxg7 $16 {White is better.} Rg8 9. Be5 Bg4 10. Bg3 Qc7 {[#]} 11. Nc3 $146 ({Predecessor:} 11. d4 cxd4 12. c3 O-O-O 13. cxd4 Bxf3 14. Qxf3 Nxd4 15. Qd3 Qb6 16. Bxd6 Rxd6 17. Qh3+ {0-1 (24) Ligart,T (2185)-Kovacs,I (2230) Hungary 2005}) 11... O-O-O 12. Bxc6 Qxc6 13. d4 cxd4 14. Ne2 Bxf3 15. gxf3 Bc5 16. Qd2 h5 {Strongly threatening ...h4.} 17. Kh1 Ng6 {Hoping for ...Qf6.} 18. Qg5 ({Much weaker is} 18. Nxd4 Qf6 $17) 18... h4 19. Bxh4 (19. Be5 $17 {was the only defense.}) 19... Qe6 $2 (19... Rde8 $1 $19 20. b4 Re5 $1) 20. Nf4 $14 Nxf4 21. Qxf4 Bd6 22. Qxd4 Qf5 {[%cal Rf5f3]} 23. Qc3+ ({White should play} 23. f4 $1 $16) 23... Kb8 24. Bg3 (24. Bxd8 {leads to mate.} Qh3 25. Qc7+ Bxc7 26. Bxc7+ Kxc7 27. Rg1 Qxf3+ 28. Rg2 Qxg2#) 24... Qh5 (24... Bxg3 $14 25. fxg3 Rxg3) 25. Rg1 $2 ({Only move:} 25. Qf6 $1 $18 Kc8 26. Rae1 (26. Bxd6 Rxd6 27. Qf4 Rgg6 $14)) 25... Rh8 (25... Rxg3 $1 $11 26. fxg3 Rh8) 26. Rg2 $16 Rh6 (26... d4 $16 {was called for.} 27. Qd3 Rhe8 28. Bxd6+ Rxd6) 27. Re1 $18 Rc8 28. Qb4 {Intending Re7 and mate.} Bxg3 29. fxg3 Qxf3 30. Kg1 Rf6 31. Qd4 a6 32. Qe3 Qxe3+ 33. Rxe3 {[%mdl 4096] Endgame KRR-KRR} Rfc6 34. Ree2 d4 35. Rgf2 R8c7 36. Rd2 Rd6 37. Kg2 Kc8 38. Rf4 Rcd7 39. h4 Kd8 40. Kh3 Ke8 41. h5 Kf8 42. Kh4 Kg7 43. g4 f6 44. Re4 Rd5 45. Rde2 Kf7 46. Re8 d3 47. cxd3 Rxd3 48. Rh8 Kg7 49. Rhe8 Kf7 $1 50. Rh8 (50. Re1 $16) 50... Kg7 51. Ree8 Rd1 {intending ...R7d3.} 52. h6+ (52. Ref8 $18 Rh1+ 53. Kg3) 52... Kf7 $16 {[#]} 53. Ref8+ ({Better is} 53. Reg8 $1 $16 {[%cal Rg8g7]} Rh1+ 54. Kg3 Rxh6 55. Rxh6 Kxg8 56. Rxf6) 53... Ke6 $11 54. Re8+ ({White should try} 54. Rfg8 $11 Rh1+ 55. Kg3) 54... Kf7 $1 $16 {[#]} 55. Re3 (55. Reg8 $1 $16 {[%cal Rg8g7] Black must now prevent Rg7+.} Rh1+ 56. Kg3 Rxh6 57. Rxh6 Kxg8 58. Rxf6) 55... Rh1+ 56. Rh3 Rxh3+ 57. Kxh3 $11 {And now Rh7+ would win. KR-KR} Kg6 58. Rf8 Rd3+ 59. Kh4 {h7 is the strong threat.} Rd2 60. a4 Rh2+ 61. Kg3 Rb2 {The position is equal.} 62. h7 Rxb3+ 63. Kh4 Kxh7 64. Rxf6 Rb4 65. Kh5 Rxa4 66. Rf7+ Kg8 67. Rxb7 Rc4 68. Rb6 a5 69. Ra6 a4 70. g5 Rc7 71. Rxa4 Rc6 72. Ra7 Rb6 73. Re7 $1 Ra6 74. Kg4 Ra4+ 75. Kf5 Ra6 76. Re6 (76. Rb7 {seems wilder.} Ra5+ 77. Kg6 Ra6+ 78. Kh5 Rc6 79. Rb8+) 76... Rxe6 77. Kxe6 {White threatens Kf6 and mate. KP-K} Kg7 78. Kf5 Kf7 79. g6+ Kg7 80. Kg5 Kg8 81. Kf6 {White wants to mate with g7.} Kf8 82. g7+ Kg8 83. Kg6 {Weighted Error Value: White=0.29/Black=0.23} 1/2-1/2

[Event "Caplin British Online-ch Open 2020"]
[Site "Online"]
[Date "2021.01.02"]
[Round "8.3"]
[White "Ghasi, Ameet K"]
[Black "Cox, Tristan A"]
[Result "1-0"]
[WhiteElo "2485"]
[BlackElo "2141"]
[Annotator "TA"]
[PlyCount "55"]
[EventDate "2020.12.21"]
[EventType "swiss"]
[EventCountry "NET"]
[SourceTitle "playchess.com"]
[Source "ChessBase"]
[SourceQuality "1"]

{[%evp 16,55,12,4,19,5,16,7,10,0,0,0,29,16,41,0,45,33,31,22,201,95,168,41,82,32,64,8,8,9,101,101,151,149,566,549,637,635,715,286,29989,29990]} 1. Nf3 d5 2. c4 e6 3. g3 Nf6 4. Bg2 Be7 5. O-O O-O 6. b3 b6 7. Bb2 c5 8. e3 Bb7 9. Qe2 Qc8 {A14: English Opening: 1...e6 with b3 by White.} 10. Rc1 dxc4 11. bxc4 Nc6 {The position is equal.} 12. Nc3 {[%cal Bb1c3,Bc3e4,Be4g3][%mdl 32]} Rd8 13. d3 {[#]} Nd7 $146 ({Predecessor:} 13... Bf8 14. Rd1 g6 15. Ng5 Bg7 16. Nce4 Nxe4 17. Nxe4 e5 18. f4 f5 19. Nc3 Ne7 20. fxe5 Bxg2 21. Kxg2 Bxe5 {1-0 (45) Oparin,G (2597)-Popov,I (2648) Kolomna 2016}) 14. Ne4 h6 15. g4 f5 16. gxf5 exf5 17. Ng3 Nf6 $2 (17... Rf8 $1 $11 {and Black stays safe.}) 18. Bh3 (18. Nh4 $18 {and White stays clearly on top.}) 18... Ng4 $16 19. Ne1 (19. e4 $18) 19... g6 20. f3 Nge5 21. d4 (21. f4 $14 Ng4 22. Bg2) 21... cxd4 $11 22. exd4 Nf7 (22... Nxd4 $11 {keeps the balance.} 23. Qxe5 Qc5 24. Qxc5 Nxf3+ 25. Nxf3 Bxc5+ 26. Nd4 Rxd4 27. Bxd4 Bxd4+ 28. Kf1 Bxa1 29. Rxa1 Rc8) 23. d5 $36 {[%mdl 2048] White is really pushing.} Bc5+ 24. Kh1 Na5 $2 {[%mdl 8192]} (24... Qc7 $16 {is a better chance.}) 25. Nd3 $18 Re8 26. Qd2 {And now Qc3 would win.} Bf8 {[#]} 27. Qc3 (27. Nh5 $142 $1 {[%mdl 512]} Re7 (27... Ng5 28. Nf6+) 28. Nf6+ Kg7 29. c5) 27... Qxc4 $2 {[#]} (27... Bxd5 $18 28. cxd5 Qxc3 29. Bxc3 Nc4) 28. Qf6 $1 {Weighted Error Value: White=0.51/Black=1.04} 1-0

[Event "Caplin British Online-ch Open 2020"]
[Site "Online"]
[Date "2021.01.02"]
[Round "8.5"]
[White "O`Gorman, Tom"]
[Black "Lalic, Bogdan"]
[Result "1/2-1/2"]
[WhiteElo "2368"]
[BlackElo "2402"]
[Annotator "TA"]
[PlyCount "56"]
[EventDate "2020.12.21"]
[EventType "swiss"]
[EventCountry "NET"]
[SourceTitle "playchess.com"]
[Source "ChessBase"]
[SourceQuality "1"]

{[%evp 9,56,8,29,24,20,20,30,25,30,17,33,12,22,19,18,23,41,27,27,16,26,34,88,42,35,-28,-15,-8,8,7,4,0,12,0,0,-107,22,10,12,12,12,24,14,7,8,0,0,0,0]} 1. d4 Nf6 2. Nf3 e6 3. Bg5 h6 4. Bh4 d6 5. Nbd2 Nbd7 (5... g5 $5 6. Bg3 $8 g4 $11) 6. e4 {A46: 1 d4 Nf6 2 Nf3 e6: Torre, London and Colle Systems.} g5 7. Bg3 Nh5 8. Bd3 {White has an edge.} Bg7 9. c3 Qe7 10. Qc2 Nxg3 11. hxg3 {[#]} c5 $146 ({Predecessor:} 11... e5 12. Nb3 a5 13. a4 c6 14. Nfd2 Nb6 15. dxe5 Bxe5 16. Nd4 Be6 17. Nxe6 Qxe6 18. Qb3 Qxb3 19. Nxb3 Nd7 20. O-O Nc5 21. Nxc5 dxc5 {1-0 (21) Diulger,A (2403)-Brajovic,R (2263) Bucharest 2000}) 12. Nc4 g4 {[#]} 13. e5 $1 dxe5 14. Nfxe5 cxd4 15. cxd4 Nf6 (15... Nxe5 $14 16. dxe5 Bd7) 16. Ne3 Qb4+ 17. Qd2 (17. Qc3 $14 Qxc3+ 18. bxc3) 17... Qxd2+ $1 $11 18. Kxd2 h5 19. Rac1 {With the idea Bb5+.} O-O 20. Rc7 Rd8 21. Nxf7 Rxd4 {And now ...Ne8 would win.} 22. Rhc1 {[#]} (22. Ng5 $11) 22... Ne8 $1 23. Rxc8 Rxc8 {[#]} 24. Nh6+ $1 Bxh6 25. Rxc8 Kf7 26. Rc5 {The position is equal.} Nf6 {...Ne4+ is the strong threat.} 27. Rc7+ Rd7 28. Rxd7+ Nxd7 {Weighted Error Value: White=0.21/Black=0.16} 1/2-1/2

[Event "Caplin British Online-ch Open 2020"]
[Site "Online"]
[Date "2021.01.02"]
[Round "8.6"]
[White "Blackburn, Jonathan L B"]
[Black "Tanmay Chopra"]
[Result "0-1"]
[WhiteElo "2235"]
[BlackElo "2273"]
[Annotator "TA"]
[PlyCount "96"]
[EventDate "2020.12.21"]
[EventType "swiss"]
[EventCountry "NET"]
[SourceTitle "playchess.com"]
[Source "ChessBase"]
[SourceQuality "1"]

{[%evp 9,96,26,22,1,23,29,55,55,60,12,56,39,41,43,44,47,67,14,8,-4,0,-33,-30,-19,69,58,75,51,85,26,112,94,116,68,72,54,56,68,63,71,60,-22,-14,-117,-118,-123,29,-47,-36,-38,-26,-168,-169,-163,-48,-120,-42,-284,-272,-270,-272,-383,-397,-402,-396,-396,-396,-506,-506,-514,-514,-572,-563,-549,-510,-4228,-4137,-5197,-5197,-7226,-7206,-6609,-6562,-29981,-4137,-29978,-29979,-29969,-4960]} 1. d4 Nf6 2. c4 e6 3. Nc3 Bb4 4. Qb3 Nc6 5. e3 O-O 6. Bd3 {E22: Nimzo-Indian: 4 Qb3.} d6 7. Nge2 e5 8. d5 {White is slightly better.} Bxc3+ 9. Qxc3 (9. Nxc3 $5 {[%cal Rd5c6]} Ne7 10. O-O $14) 9... Ne7 (9... e4 $5 {[%cal Re4d3]} 10. Bc2 Ne5 $11) 10. Ng3 {[#]} c6 $146 ({Predecessor:} 10... Ne8 11. f4 exf4 12. exf4 c6 13. dxc6 Nxc6 14. O-O Nf6 15. Ne4 Nxe4 16. Bxe4 Qf6 17. Qxf6 gxf6 {½-½ (56) Bolbochan,J-Luckis,M Mar del Plata 1941}) 11. dxc6 bxc6 12. O-O h5 13. e4 (13. h3 $14) 13... h4 $11 14. Ne2 h3 $1 15. f4 hxg2 16. Kxg2 Nd7 ({Black should play} 16... d5 $11) 17. f5 $14 f6 18. Be3 Rf7 19. Qa3 (19. Rac1 $16) 19... Qc7 (19... d5 $1 $11) 20. Ng3 Bb7 21. Rac1 c5 22. h4 Nc6 23. Kf2 Kf8 24. Rg1 Ke7 25. Nh5 (25. Ne2 $14) 25... Rh8 $11 26. Nxg7 (26. Ng3 $1 $11) 26... Rxh4 $17 27. Ne6 Qa5 {[#]} ({Black should try} 27... Qb8 $17 {Threatens to win with ...Qh8.} 28. Rg2 Qh8) 28. Rg8 (28. Qxa5 $11 Nxa5 29. Rh1) 28... Qxa3 $15 29. bxa3 Rh2+ 30. Rg2 {[#]} (30. Kg3 $11 {and White stays safe.} Rfh7 31. Rg7+ Rxg7+ 32. Kxh2) 30... Rxg2+ $1 $19 31. Kxg2 Nb6 (31... Nd4 $19 {Strongly threatening ...Nxf5.} 32. Nc7 Nxf5) 32. Rb1 (32. Kg3 $15) 32... Nd8 (32... Nd4 $17 {White must now prevent ...Nxf5.} 33. Bxd4 exd4) 33. Nxc5 $2 (33. a4 $15) 33... dxc5 34. Bxc5+ Kd7 35. Bxb6 (35. Bb4 $142) 35... axb6 36. Rxb6 Kc7 37. c5 Rd7 38. Bb5 Bxe4+ 39. Kf2 Bc6 40. a4 Rd2+ 41. Ke3 Rxa2 42. Ra6 (42. Kd3 $142) 42... Ra3+ 43. Kd2 Bxb5 44. Rxf6 Rxa4 45. Rh6 Rf4 46. f6 Bd7 (46... Nf7 $142 47. Rh1 Rxf6 48. Rb1 Kc6 49. Rg1 Kxc5 50. Rg8 e4 51. Ra8 Kd4 52. Kc2 Bd3+ 53. Kb3 Nd6 54. Ra7 Bc4+ 55. Kb4 e3 56. Rh7 e2 57. Rh4+ Ne4 58. Rh1 Rf1 59. Ka5 Rxh1 60. Kb6 Rh7 61. Kc6 e1=Q 62. Kb6 Qb4+ 63. Kc6 Qd6#) 47. Rh5 Nf7 48. Rh7 Rxf6 {Weighted Error Value: White=1.08/Black=0.39} 0-1